| 000 | 00771cam a2200205 4500 | ||
|---|---|---|---|
| 001 | WB3731-29 | ||
| 008 | 010814n2001 000 0 eng u | ||
| 035 | _a(Sirsi) u114105 | ||
| 245 | _aRisks posed by climate change | ||
| 260 | _c2001 | ||
| 490 |
_aFinancial Times _v13 August 2001, 4(1) |
||
| 520 | _aA discussion paper by the Universities Superannuation Scheme, "Climate change - a risk management challenge for institutional investors", warns fund managers and investors of the risks posed by climate change, which are not taken into account by existing financial analysis. | ||
| 590 | _aWB | ||
| 650 | _aCLIMATE CHANGE | ||
| 650 | _aFUND MANAGERS | ||
| 650 | _aRISK MANAGEMENT | ||
| 650 | _aINSTITUTIONAL INVESTORS | ||
| 690 | _aINVESTMENT | ||
| 942 | _n0 | ||
| 999 |
_c68004 _d68004 |
||